[Event "IECC P-4502"]
[Site "IECC email"]
[Date "2008.12.04"]
[Round "?"]
[White "Greenhalf, Guy E"]
[Black "Cofer, David"]
[Result "1/2-1/2"]
[WhiteElo "1626"]
[BlackElo "1474"]
[PlyCount "79"]
[EventDate "2008.??.??"]
[EventType "tourn (corr)"]
[EventRounds "1"]
[SourceTitle "Corr 2011"]
[Source "ChessBase"]
[SourceDate "2010.08.31"]
[SourceVersion "1"]
[SourceVersionDate "2010.08.31"]
[SourceQuality "1"]
[WhiteTeam "England"]
[BlackTeam "US of America"]
[WhiteTeamCountry "ENG"]
[BlackTeamCountry "USA"]

1. c4 Nf6 2. Nf3 e6 3. d4 d5 4. Nc3 Be7 5. Bg5 0-0 6. e3 Nbd7 7. Rc1 c6 8. Bd3 dxc4 9. Bxc4 Nd5 10. Bxe7 Qxe7 11. Qc2 Nxc3 12. bxc3 b6 13. Bd3 h6 14. 0-0 Bb7 15. Rfd1 c5 16. Bh7+ Kh8 17. Be4 Bxe4 18. Qxe4 Rac8 19. Qb7 Rfe8 20. Qxa7 Ra8 21. Qb7 Ne5 22. Qxe7 Nxf3+ 23. gxf3 Rxe7 24. Rd2 cxd4 25. cxd4 Rea7 26. Rc6 b5 27. Rb6 Rxa2 28. Rxa2 Rxa2 29. Rxb5 g5 30. Kg2 Kg7 31. Kg3 Rd2 32. h3 Kg6 33. Rb6 h5 34. Rd6 h4+ 35. Kg2 Ra2 36. e4 Kf6 37. Rc6 Rd2 38. d5 Ke5 39. dxe6 Rd3 40. Rc8 1/2-1/2

[Event "IECC CL4-2007.14 email"]
[Site "IECC email"]
[Date "2007.12.16"]
[Round "?"]
[White "Greenhalf, Guy E"]
[Black "Stoffers, Ben"]
[Result "0-1"]
[WhiteElo "1641"]
[BlackElo "1687"]
[PlyCount "50"]
[EventDate "2007.??.??"]
[EventType "tourn (corr)"]
[EventRounds "4"]
[SourceTitle "Corr 2015"]
[Source "ChessBase"]
[SourceDate "2015.07.17"]
[SourceVersion "1"]
[SourceVersionDate "2015.07.17"]
[SourceQuality "1"]
[WhiteTeam "England"]
[BlackTeam "Netherlands"]
[WhiteTeamCountry "ENG"]
[BlackTeamCountry "NED"]

1. c4 c5 2. g3 g6 3. Bg2 Bg7 4. Nc3 Nc6 5. a3 b6 6. b4 Bb7 7. Bb2 Nf6 8. bxc5 0-0 9. cxb6 Qxb6 10. Rb1 Na5 11. Bd5 Nxd5 12. Nxd5 Qc5 13. Bxg7 Kxg7 14. d3 e6 15. Rb5 Qxa3 16. Qd2 Qa1+ 17. Qd1 Qa2 18. Qd2 Qxd2+ 19. Kxd2 exd5 20. Rxa5 dxc4 21. Nf3 Bxf3 22. Rha1 Bc6 23. dxc4 f5 24. Kd3 Kf6 25. Rxa7 Rxa7 0-1

[Event "IECC P-4340"]
[Site "IECC email"]
[Date "2007.07.08"]
[Round "?"]
[White "Manis, Ronald"]
[Black "Greenhalf, Guy E"]
[Result "1/2-1/2"]
[WhiteElo "1282"]
[BlackElo "1647"]
[PlyCount "82"]
[EventDate "2007.??.??"]
[EventType "tourn (corr)"]
[EventRounds "1"]
[SourceTitle "Corr 2011"]
[Source "ChessBase"]
[SourceDate "2010.08.31"]
[SourceVersion "1"]
[SourceVersionDate "2010.08.31"]
[SourceQuality "1"]
[WhiteTeam "US of America"]
[BlackTeam "South Africa"]
[WhiteTeamCountry "USA"]
[BlackTeamCountry "RSA"]

1. g3 e5 2. Bg2 d5 3. c3 Nf6 4. d3 Nc6 5. Nf3 Bd6 6. 0-0 0-0 7. Qc2 Bf5 8. Nh4 Be6 9. e4 Qd7 10. Nd2 Rfd8 11. exd5 Bxd5 12. Ne4 Be7 13. Bg5 Nxe4 14. dxe4 Bc4 15. Rfd1 Bd3 16. Qd2 Qe6 17. Bxe7 Qxe7 18. Qe3 Bc4 19. Nf5 Qf6 20. b3 Be6 21. g4 Rxd1+ 22. Rxd1 Rd8 23. Rd2 h6 24. Rxd8+ Qxd8 25. Bf3 Kh7 26. Be2 a6 27. Kg2 Ne7 28. Nxe7 Qxe7 29. Qa7 c6 30. h3 Qd7 31. Qe3 Qd8 32. Bf3 Qa5 33. Qd2 Qc5 34. h4 Qe7 35. Kg3 Bc8 36. h5 b5 37. b4 c5 38. Bd1 cxb4 39. cxb4 Bb7 40. f3 Bc6 41. Bb3 Bd7 1/2-1/2

[Event "IECG OP.2006.0.00157"]
[Site "IECG email"]
[Date "2006.09.20"]
[Round "?"]
[White "Ong, Allan C"]
[Black "Greenhalf, Guy E"]
[Result "0-1"]
[WhiteElo "755"]
[BlackElo "1838"]
[PlyCount "58"]
[EventDate "2006.09.20"]
[EventType "tourn (corr)"]
[EventRounds "6"]
[SourceTitle "Corr 2008"]
[Source "ChessBase"]
[SourceDate "2008.06.24"]
[SourceVersion "1"]
[SourceVersionDate "2008.06.24"]
[SourceQuality "1"]

1. d4 e6 2. Nf3 h6 3. Bf4 Nf6 4. e3 b6 5. Bd3 Nh5 6. Bg3 Nxg3 7. hxg3 Bb7 8. Nbd2 c5 9. c3 Nc6 10. Qc2 cxd4 11. exd4 Qc7 12. Nc4 Be7 13. 0-0 0-0 14. Nce5 Nxe5 15. Nxe5 d6 16. Ng4 a6 17. f3 b5 18. Kf2 b4 19. Rh1 Rfc8 20. Bh7+ Kh8 21. Nxh6 gxh6 22. Rxh6 Bg5 23. Rh5 Bf6 24. Bg6+ Kg8 25. Rh7 Bxd4+ 26. Ke1 Bg7 27. Bd3 bxc3 28. b3 d5 29. Rh4 Qxg3+ 0-1

[Event "CFriend AH-2004-0-00009 email"]
[Site "Chessfriend.com"]
[Date "2005.04.11"]
[Round "1"]
[White "Greenhalf, Guy E"]
[Black "Malmstroem, Jan"]
[Result "0-1"]
[WhiteElo "1844"]
[BlackElo "1915"]
[PlyCount "34"]
[EventDate "2005.??.??"]
[EventType "tourn (corr)"]
[EventRounds "6"]
[SourceTitle "Corr 2008"]
[Source "ChessBase"]
[SourceDate "2008.06.24"]
[SourceVersion "1"]
[SourceVersionDate "2008.06.24"]
[SourceQuality "1"]

1. c4 e5 2. g3 Nf6 3. Bg2 Nc6 4. Nc3 g6 5. d3 Bg7 6. Nf3 0-0 7. 0-0 Re8 8. Bg5 h6 9. Bxf6 Qxf6 10. Nd2 a5 11. Qa4 Qd8 12. c5 Ra6 13. Nde4 d6 14. cxd6 cxd6 15. Nd5 Be6 16. Nec3 Ra8 17. e3 Rb8 0-1

[Event "IECC CL4-2004.01 email"]
[Site "IECC email"]
[Date "2004.01.18"]
[Round "?"]
[White "Postlethwaite, Craig"]
[Black "Greenhalf, Guy E"]
[Result "0-1"]
[WhiteElo "1684"]
[BlackElo "1477"]
[PlyCount "96"]
[EventDate "2004.??.??"]
[EventType "tourn (corr)"]
[EventRounds "4"]
[SourceTitle "Corr 2008"]
[Source "ChessBase"]
[SourceDate "2008.06.24"]
[SourceVersion "1"]
[SourceVersionDate "2008.06.24"]
[SourceQuality "1"]

1. d4 e6 2. Nf3 d5 3. c4 dxc4 4. e3 Nf6 5. Bxc4 c5 6. Qe2 cxd4 7. exd4 Nc6 8. 0-0 Nxd4 9. Nxd4 Qxd4 10. Rd1 Qh4 11. Nc3 Be7 12. Bb5+ Kf8 13. Be3 a6 14. Rd4 Qh5 15. Rad1 axb5 16. Qxh5 Nxh5 17. Rd8+ Bxd8 18. Rxd8+ Ke7 19. Rxh8 b4 20. Bc5+ Kf6 21. Bxb4 Kg6 22. a3 b6 23. Bd6 Bb7 24. Rxa8 Bxa8 25. Bc7 Kf5 26. Bxb6 Nf4 27. f3 Nd5 28. Nxd5 Bxd5 29. a4 Bb3 30. a5 Bc4 31. Kf2 Ke5 32. Ke3 Kd5 33. h4 g6 34. Kf4 f6 35. Bd8 e5+ 36. Kg4 f5+ 37. Kg5 f4 38. Kh6 Ke6 39. Kxh7 Kf5 40. h5 gxh5 41. Bh4 Bf1 42. g3 Be2 43. b4 Bxf3 44. b5 Kg4 45. a6 Be2 46. a7 Bf3 47. gxf4 Kxh4 48. fxe5 Kg5 0-1

[Event "IECC Swiss-478.1"]
[Site "IECC email"]
[Date "2004.01.04"]
[Round "?"]
[White "Greenhalf, Guy E"]
[Black "Wozniak, Zbigniew"]
[Result "1/2-1/2"]
[WhiteElo "1601"]
[BlackElo "1743"]
[PlyCount "162"]
[EventDate "2004.??.??"]
[EventType "swiss (corr)"]
[EventRounds "1"]
[SourceTitle "Corr 2008"]
[Source "ChessBase"]
[SourceDate "2008.06.24"]
[SourceVersion "1"]
[SourceVersionDate "2008.06.24"]
[SourceQuality "1"]

1. c4 e5 2. g3 Nf6 3. Bg2 d5 4. cxd5 Nxd5 5. Nf3 Nc6 6. 0-0 Nb6 7. d3 Be7 8. Nbd2 0-0 9. a3 a5 10. b3 Be6 11. Bb2 f6 12. Qc2 Qd7 13. e3 Bf5 14. Ne4 Bg6 15. d4 exd4 16. Nxd4 Ne5 17. Rad1 a4 18. b4 c6 19. f4 Nec4 20. Bc1 Nd6 21. f5 Bh5 22. Ne6 Bxd1 23. Rxd1 Rfe8 24. Rd3 Nd5 25. Nxd6 Qxd6 26. e4 Nxb4 27. axb4 Qxb4 28. Bd2 Qb5 29. Bf1 Qa6 30. Be3 Qa5 31. Rd1 a3 32. Bc4 Kh8 33. Ba2 Qe5 34. Rb1 Qb8 35. Nf4 h6 36. Ng6+ Kh7 37. Bf7 Bd6 38. Bxe8 Qxe8 39. Ra1 b5 40. Bf4 Bxf4 41. Nxf4 Qe5 42. Ra2 b4 43. Ne6 Qb5 44. Qb3 c5 45. Qd5 Qb8 46. Qb3 Qe5 47. Qc4 Rb8 48. Nxc5 Qc7 49. Rc2 b3 50. Nxb3 Qxc4 51. Rxc4 Rxb3 52. Ra4 Rb1+ 53. Kf2 Rb2+ 54. Ke3 a2 55. h3 h5 56. Ra6 Kg8 57. g4 hxg4 58. hxg4 Rb3+ 59. Kf4 Rb2 60. Ra8+ Kh7 61. g5 Rf2+ 62. Kg3 Re2 63. Kf3 Rc2 64. Ra7 fxg5 65. e5 Rc4 66. Rxa2 Rf4+ 67. Ke3 Rxf5 68. Ke4 Rf1 69. e6 Kg6 70. Ke5 g4 71. Re2 g3 72. Re4 Rg1 73. Rg4+ Kh7 74. e7 Re1+ 75. Kd6 Rd1+ 76. Kc7 Rc1+ 77. Kd7 Rd1+ 78. Ke8 Rd3 79. Re4 g2 80. Rg4 Rd2 81. Rh4+ Kg8 1/2-1/2

[Event "IECC P email"]
[Site "IECC email"]
[Date "2002.10.25"]
[Round "?"]
[White "Greenhalf, Guy E"]
[Black "Marczykoski, Paulo Roberto T"]
[Result "1/2-1/2"]
[WhiteElo "1449"]
[BlackElo "1450"]
[PlyCount "64"]
[EventDate "2002.??.??"]
[EventType "tourn (corr)"]
[EventRounds "6"]
[SourceTitle "Corr 2008"]
[Source "ChessBase"]
[SourceDate "2008.06.24"]
[SourceVersion "1"]
[SourceVersionDate "2008.06.24"]
[SourceQuality "1"]

1. c4 e5 2. g3 Nf6 3. Bg2 c6 4. d4 exd4 5. Qxd4 d5 6. cxd5 cxd5 7. Nf3 Nc6 8. Qa4 Qb6 9. 0-0 Bc5 10. Qf4 0-0 11. Nc3 Re8 12. Na4 Qb4 13. a3 Qxf4 14. Bxf4 Bf8 15. Rfe1 Bg4 16. Rad1 Rad8 17. h3 Be6 18. b4 h6 19. b5 Nb8 20. Rd3 Bf5 21. Rc3 Ne4 22. Rb3 Nd7 23. Be3 Nd6 24. Nd4 Be4 25. Bxe4 dxe4 26. Rc1 Rc8 27. Rcc3 Nf6 28. Rc2 Nc4 29. Nf5 Nxe3 30. Nxe3 Rxc2 31. Nxc2 Rd8 32. Ne3 Rd4 1/2-1/2

[Event "IECC CL6-2002.16a"]
[Site "IECC email"]
[Date "2002.05.05"]
[Round "?"]
[White "Greenhalf, Guy E"]
[Black "Karadi, Kazmer"]
[Result "1-0"]
[WhiteElo "1374"]
[BlackElo "1176"]
[PlyCount "57"]
[EventDate "2002.??.??"]
[EventType "tourn (corr)"]
[EventRounds "4"]
[SourceTitle "Corr 2008"]
[Source "ChessBase"]
[SourceDate "2008.06.24"]
[SourceVersion "1"]
[SourceVersionDate "2008.06.24"]
[SourceQuality "1"]

1. c4 e5 2. g3 Bb4 3. Bg2 Nf6 4. a3 Ba5 5. b4 d5 6. bxa5 dxc4 7. Qa4+ Bd7 8. Qxc4 Be6 9. Qb5+ Nc6 10. Qxb7 Nxa5 11. Qxa8 Qxa8 12. Bxa8 c6 13. Bb2 Ke7 14. Bxe5 Nh5 15. Bxc6 Nxc6 16. Bc3 Bf5 17. d3 Rb8 18. e4 Bg4 19. d4 f5 20. d5 Nd8 21. h3 f4 22. hxg4 g6 23. gxh5 Kd6 24. hxg6 hxg6 25. gxf4 Kc5 26. Rh8 Kc4 27. Nd2+ Kd3 28. Rc1 Rc8 29. Rh3# 1-0

[Event "IECC P email"]
[Site "IECC email"]
[Date "2001.03.12"]
[Round "?"]
[White "Peet, Mathew"]
[Black "Greenhalf, Guy E"]
[Result "0-1"]
[WhiteElo "1001"]
[BlackElo "1358"]
[PlyCount "40"]
[EventDate "2001.??.??"]
[EventType "tourn (corr)"]
[EventRounds "6"]
[SourceTitle "Corr 2008"]
[Source "ChessBase"]
[SourceDate "2008.06.24"]
[SourceVersion "1"]
[SourceVersionDate "2008.06.24"]
[SourceQuality "1"]

1. e4 e6 2. Nf3 d5 3. e5 c5 4. Bb5+ Nc6 5. d3 Qa5+ 6. Nc3 d4 7. Bxc6+ bxc6 8. Bd2 dxc3 9. Bxc3 Qb6 10. d4 Ba6 11. dxc5 Bxc5 12. Qd2 Rd8 13. 0-0-0 Rxd2 14. Rxd2 Bxf2 15. Rhd1 Be3 16. a3 Be2 17. Kb1 Bxd2 18. Rxd2 Bxf3 19. gxf3 Qe3 20. Ba5 Qxe5 0-1

[Event "IECC CL5-2000.20"]
[Site "IECC email"]
[Date "2000.06.17"]
[Round "?"]
[White "Greenhalf, Guy E"]
[Black "Coffield, Alan"]
[Result "1-0"]
[WhiteElo "1251"]
[BlackElo "1578"]
[PlyCount "69"]
[EventDate "2000.??.??"]
[EventType "tourn (corr)"]
[EventRounds "4"]
[SourceTitle "Corr 2008"]
[Source "ChessBase"]
[SourceDate "2008.06.24"]
[SourceVersion "1"]
[SourceVersionDate "2008.06.24"]
[SourceQuality "1"]

1. c4 Nf6 2. g3 c6 3. Bg2 d5 4. Nf3 g6 5. b3 Bg7 6. Bb2 0-0 7. 0-0 a5 8. Nc3 a4 9. Nxa4 dxc4 10. bxc4 Qa5 11. Nc3 Rd8 12. d4 Be6 13. c5 Nbd7 14. Qc2 b6 15. cxb6 Qxb6 16. e4 c5 17. d5 Nxd5 18. exd5 Bf5 19. Qb3 Rdb8 20. Qxb6 Rxb6 21. Nh4 Rxb2 22. Nxf5 gxf5 23. d6 Rab8 24. Nd5 e6 25. Ne7+ Kf8 26. a4 Rd2 27. Rad1 Rbb2 28. a5 Rxd1 29. Rxd1 Bd4 30. Kh1 Rxf2 31. Nc6 Be3 32. Bf1 f4 33. a6 Ra2 34. Bc4 Ra4 35. a7 1-0

[Event "IECC CL5-2000.20"]
[Site "IECC email"]
[Date "2000.06.17"]
[Round "?"]
[White "Melia, Ken"]
[Black "Greenhalf, Guy E"]
[Result "1/2-1/2"]
[WhiteElo "1507"]
[BlackElo "1241"]
[PlyCount "57"]
[EventDate "2000.??.??"]
[EventType "tourn (corr)"]
[EventRounds "4"]
[SourceTitle "Corr 2008"]
[Source "ChessBase"]
[SourceDate "2008.06.24"]
[SourceVersion "1"]
[SourceVersionDate "2008.06.24"]
[SourceQuality "1"]

1. c4 b6 2. d4 e6 3. a3 g6 4. e4 Bb7 5. Nc3 Bg7 6. Nf3 Ne7 7. Bd3 0-0 8. 0-0 d6 9. Bg5 c5 10. d5 h6 11. Bd2 Nd7 12. Qc2 e5 13. Nb5 Nf6 14. Rae1 a6 15. Nc3 Nh5 16. Qc1 g5 17. Be2 Nf4 18. Bxf4 exf4 19. Qc2 Ng6 20. h3 Re8 21. Bd3 Ne5 22. Be2 Nxf3+ 23. Bxf3 Qc7 24. Bg4 Bd4 25. Bf5 Rad8 26. Qe2 Bc8 27. Qh5 Kg7 28. Bxc8 Qxc8 29. Qf3 1/2-1/2

[Event "IECC P email"]
[Site "IECC email"]
[Date "2000.03.03"]
[Round "?"]
[White "Greenhalf, Guy E"]
[Black "Aouriri, Chedley"]
[Result "0-1"]
[WhiteElo "1252"]
[BlackElo "1851"]
[PlyCount "78"]
[EventDate "2000.??.??"]
[EventType "tourn (corr)"]
[EventRounds "6"]
[SourceTitle "Corr 2008"]
[Source "ChessBase"]
[SourceDate "2008.06.24"]
[SourceVersion "1"]
[SourceVersionDate "2008.06.24"]
[SourceQuality "1"]

1. c4 e5 2. Nc3 Nf6 3. g3 Nc6 4. Bg2 Bc5 5. a3 0-0 6. e3 d6 7. Nge2 Be6 8. d4 exd4 9. exd4 Nxd4 10. Nxd4 Bxc4 11. Bxb7 Rb8 12. Bf3 Re8+ 13. Nde2 Bb3 14. Qd2 d5 15. 0-0 d4 16. Nb1 Nd7 17. Qf4 Ne5 18. Nd2 Nxf3+ 19. Qxf3 Bd5 20. Qd3 Bb7 21. Nf4 Qf6 22. b4 Qc6 23. f3 Re3 24. Qc4 Rc3 25. Qxc5 Rxc5 26. bxc5 Ba6 27. Re1 Qxc5 28. Ne4 Qe5 29. Bd2 c5 30. Nd3 Bxd3 31. Bf4 Qe8 32. Nf2 Ba6 33. Rxe8+ Rxe8 34. Ne4 c4 35. Kf2 Rd8 36. Nc5 Bb5 37. Rb1 Bc6 38. Rb8 Rxb8 39. Be5 Rb2+ 0-1

[Event "IECC M email"]
[Site "IECC email"]
[Date "2000.02.18"]
[Round "?"]
[White "Mottershead, Richard"]
[Black "Greenhalf, Guy E"]
[Result "0-1"]
[WhiteElo "1121"]
[BlackElo "1207"]
[PlyCount "69"]
[EventDate "2000.??.??"]
[EventType "tourn (corr)"]
[EventRounds "2"]
[SourceTitle "Corr 2008"]
[Source "ChessBase"]
[SourceDate "2008.06.24"]
[SourceVersion "1"]
[SourceVersionDate "2008.06.24"]
[SourceQuality "1"]

1. e4 c5 2. d4 cxd4 3. c3 dxc3 4. Nxc3 Nc6 5. Nf3 Nf6 6. Bc4 e6 7. a3 Nxe4 8. Qe2 Nxc3 9. bxc3 d5 10. Bb3 Bc5 11. Be3 Be7 12. 0-0 Bf6 13. Rfc1 0-0 14. Ra2 e5 15. Bc5 Re8 16. Rb2 e4 17. Ne1 Be6 18. Ba4 Qa5 19. Bxc6 bxc6 20. Bb4 Qc7 21. Bc5 Rab8 22. Rxb8 Rxb8 23. f3 Be5 24. Bd4 Bxh2+ 25. Kh1 Qf4 26. Be3 Qh4 27. Bf2 Bg3+ 28. Kg1 Qh2+ 29. Kf1 Qh1+ 30. Bg1 Bh2 31. Qf2 d4 32. cxd4 Bc4+ 33. Rxc4 Rb1 34. Rxc6 g6 35. fxe4 0-1

[Event "IECC CL7-2000.06"]
[Site "IECC email"]
[Date "1999.12.04"]
[Round "?"]
[White "Hofmann, Andreas"]
[Black "Greenhalf, Guy E"]
[Result "0-1"]
[WhiteElo "1128"]
[BlackElo "1016"]
[PlyCount "40"]
[EventDate "2000.??.??"]
[EventType "tourn (corr)"]
[EventRounds "4"]
[SourceTitle "Corr 2008"]
[Source "ChessBase"]
[SourceDate "2008.06.24"]
[SourceVersion "1"]
[SourceVersionDate "2008.06.24"]
[SourceQuality "1"]

1. d4 Nf6 2. c4 e6 3. Nc3 Bb4 4. Bg5 c5 5. d5 Nxd5 6. cxd5 Qxg5 7. Nf3 Bxc3+ 8. bxc3 Qf6 9. c4 b6 10. e4 Qc3+ 11. Nd2 Bb7 12. Be2 Qf6 13. 0-0 0-0 14. Rb1 d6 15. Qc2 Nd7 16. f4 Rfe8 17. Bg4 Qd4+ 18. Kh1 Nf6 19. Bf3 exd5 20. exd5 Qxf4 0-1

[Event "IECC CL7-2000.06"]
[Site "IECC email"]
[Date "1999.12.04"]
[Round "?"]
[White "Howie, Andrew"]
[Black "Greenhalf, Guy E"]
[Result "0-1"]
[WhiteElo "1009"]
[BlackElo "1049"]
[PlyCount "64"]
[EventDate "2000.??.??"]
[EventType "tourn (corr)"]
[EventRounds "4"]
[SourceTitle "Corr 2008"]
[Source "ChessBase"]
[SourceDate "2008.06.24"]
[SourceVersion "1"]
[SourceVersionDate "2008.06.24"]
[SourceQuality "1"]

1. e4 e6 2. d4 d5 3. Nd2 c5 4. exd5 exd5 5. Bb5+ Bd7 6. Qe2+ Be7 7. dxc5 Nf6 8. Nb3 0-0 9. Nf3 Re8 10. Be3 Bxc5 11. Nxc5 Qa5+ 12. Qd2 Qxb5 13. 0-0-0 Bg4 14. h3 Bxf3 15. gxf3 Nc6 16. a4 Qb6 17. Rhg1 d4 18. Bxd4 Nxd4 19. Qxd4 Rad8 20. Qc3 Rc8 21. a5 Qxc5 22. Rd2 Qxc3 23. bxc3 Rxc3 24. Rgd1 Rxf3 25. Rd8 Rxh3 26. R1d6 Kf8 27. Rd3 Rxd3 28. Rxd3 h5 29. Kb2 g5 30. Kb3 h4 31. Kb4 g4 32. Rc3 Nd5+ 0-1